000 00307nam a22001457a 4500
008 230616b ||||| |||| 00| 0 eng d
020 _a9781337279765
041 _aeng
080 _210E
_a51
082 _a51LAR
100 _a23
101 _aMATE
245 _aPRECALCULUS
_cLARSON .R
942 _2udc
_cBK
999 _c59995
_d59995